Nombres de 0 a 50 en 30 secondes - Statistiques

Statistiques générales
  • Ce quiz a été pris 453 fois
  • Le résultat moyen est 39 sur 51
Statistiques - réponses
Nombre1 % Correct
0
100%
1
97%
2
95%
3
95%
4
95%
5
93%
6
93%
7
93%
8
93%
9
93%
10
91%
11
91%
12
89%
13
88%
14
88%
15
88%
16
88%
17
88%
18
87%
19
86%
20
86%
21
86%
22
85%
23
84%
24
83%
25
83%
26
82%
27
81%
28
80%
29
80%
30
79%
31
77%
32
77%
33
74%
34
70%
35
68%
36
66%
37
66%
38
64%
39
63%
40
60%
41
58%
42
56%
43
54%
44
49%
45
47%
46
45%
47
44%
48
43%
49
40%
50
36%
Aucun quiz correspondant
Distribution des résultats
% des personnes avec chaque résultat
Percentile par nombre de réponses
Votre historique - résultats
Vous n’avez pas pris ce quiz